Fontainebleau - Choix multiples - Statistiques

Statistiques générales
  • Ce quiz a été pris 100 fois
  • Le résultat moyen est 5 sur 10
Statistiques - réponses
Question Réponse % Correct
Quel est le gentilé de Fontainebleau ? Les Bellifontains
87%
Pour quel type de parcours la forêt de Fontainebleau est-elle renommée ? D'escalade
73%
Laquelle de ces photos n'illustre pas Fontainebleau ?
65%
Quel dirigeant a fait raser le château fort de Fontainebleau pour reconstruire un château plus moderne ? François Ier
60%
Qu'est ce qui est acté par l'édit de Fontainebleau, plus connu sous le nom de "révocation de l'édit de Nantes" ? L'interdiction du culte protestant en France.
60%
Quel évènement marquant de la vie de Napoléon s'est passé au château de Fontainebleau ? Son abdication
53%
Quelle est la particularité biologique de la Forêt de Fontainebleau ? Elle est une des plus riches d'Europe pour sa diversité d'insectes.
41%
Qui est le premier roi de France à être né à Fontainebleau ? Philippe Le Bel
41%
Quelle figure historique a lancé une réformation de la forêt de Fontainebleau ? Jean-Baptiste Colbert
35%
Laquelle de ces anecdotes est fausse ? La ville a été incendiée lors de la Révolution Française.
34%
Aucun quiz correspondant
Distribution des résultats
% des personnes avec chaque résultat
Percentile par nombre de réponses
Votre historique - résultats
Vous n’avez pas pris ce quiz